[Event "African Online-ch U20-Open 2021"]
[Site "Online"]
[Date "2021.02.01"]
[Round "5.16"]
[White "Lion, Pierre"]
[Black "George Samir, David"]
[Result "0-1"]
[WhiteElo "1586"]
[BlackElo "1775"]
[Annotator "NA RC"]
[PlyCount "134"]
[EventDate "2021.02.01"]
[EventType "swiss"]
[EventCountry "NET"]
[SourceTitle "playchess.com"]
[Source "ChessBase"]
[SourceQuality "1"]
[TimeControl "1500+10"]

1. e4 {[%emt 0:00:00]} c5 {[%emt 0:00:03]} 2. Nf3 {[%emt 0:00:02]} d6 {[%emt 0:00:22]} 3. d4 {[%emt 0:00:02]} cxd4 {[%emt 0:00:03]} 4. Nxd4 {[%emt 0:00:01]} Nf6 {[%emt 0:00:02]} 5. Nc3 {[%emt 0:00:01]} Nc6 {[%emt 0:00:02]} 6. Bc4 {[%emt 0:00:03]} e6 {[%emt 0:00:04]} 7. Bb3 {[%emt 0:00:03]} Be7 {[%emt 0:00:16]} 8. O-O {[%emt 0:00:09]} a6 {[%emt 0:00:03]} 9. Be3 {[%emt 0:00:05]} O-O {[%emt 0:00:07]} 10. f4 {[%emt 0:00:06]} Qc7 {[%emt 0:00:33]} 11. f5 {[%emt 0:00:13]} e5 {[%emt 0:01:11]} 12. Nde2 {[%emt 0:00:13]} b5 {[%emt 0:01:15]} 13. h3 {[%emt 0:00:20]} Bb7 {[%emt 0:01:39]} 14. g4 {[%emt 0:00:03]} b4 {[%emt 0:00:08]} 15. Nd5 {[%emt 0:00:04]} Nxd5 {[%emt 0:00:06]} 16. Bxd5 {[%emt 0:00:02]} Na5 {[%emt 0:00:21]} 17. g5 {[%emt 0:03:00]} Nc4 {[%emt 0:00:28]} 18. Bxc4 {[%emt 0:01:56]} Qxc4 {[%emt 0:00:04]} 19. f6 {[%emt 0:00:03]} Qxe4 {[%emt 0:00:06]} 20. Kf2 {[%emt 0:00:31]} gxf6 {[%emt 0:02:25]} 21. gxf6 {[%emt 0:00:06]} Bxf6 {[%emt 0:00:03]} 22. Bh6 {[%emt 0:00:17]} Bh4+ {[%emt 0:00:34]} 23. Ng3 {[%emt 0:00:10]} Qg2+ {[%emt 0:00:05]} 24. Ke1 {[%emt 0:00:02]} Bxg3+ {[%emt 0:00:04]} 25. Rf2 {[%emt 0:00:01]} Bxf2+ {[%emt 0:00:16]} 26. Ke2 {[%emt 0:00:10]} Bf3+ {[%emt 0:00:04]} 27. Kd3 {[%emt 0:00:03]} e4+ {[%emt 0:00:02]} 28. Kc4 {[%emt 0:00:02]} Rfc8+ {[%emt 0:00:09]} 29. Kb3 {[%emt 0:00:01]} Bxd1 {[%emt 0:00:05]} 30. Ka4 {[%emt 0:00:02]} Bxc2+ {[%emt 0:00:04]} 31. Ka5 {[%emt 0:00:02]} Rc5+ {[%emt 0:00:05]} 32. Kb6 {[%emt 0:00:01]} Rh5+ {[%emt 0:00:08]} 33. Kb7 {[%emt 0:00:02]} e3+ {[%emt 0:00:04]} 34. Kc7 {[%emt 0:00:01]} Rxh6 {[%emt 0:00:08]} 35. Kd7 {[%emt 0:00:02]} Ra7+ {[%emt 0:00:03]} 36. Kd8 {[%emt 0:00:02]} e2 {[%emt 0:00:09]} 37. Rg1 {[%emt 0:00:07]} Bxg1 {[%emt 0:00:07]} 38. a4 {[%emt 0:00:01]} e1=Q {[%emt 0:00:05]} 39. a5 {[%emt 0:00:01]} f5 {[%emt 0:00:15]} 40. b3 {[%emt 0:00:02]} f4 {[%emt 0:00:02]} 41. h4 {[%emt 0:00:01]} f3 {[%emt 0:00:02]} 42. h5 {[%emt 0:00:01]} f2 {[%emt 0:00:02]} 43. Kc8 {[%emt 0:00:03]} f1=Q {[%emt 0:00:05]} 44. Kd8 {[%emt 0:00:01]} d5 {[%emt 0:00:02]} 45. Kc8 {[%emt 0:00:02]} d4 {[%emt 0:00:02]} 46. Kd8 {[%emt 0:00:01]} d3 {[%emt 0:00:02]} 47. Kc8 {[%emt 0:00:02]} d2 {[%emt 0:00:03]} 48. Kb8 {[%emt 0:00:01]} d1=Q {[%emt 0:00:15]} 49. Kc8 {[%emt 0:00:02]} Qdg4+ {[%emt 0:00:08]} 50. Kb8 {[%emt 0:00:02]} Bh2+ {[%emt 0:00:09]} 51. Kxa7 {[%emt 0:00:03]} Bb8+ {[%emt 0:00:19]} 52. Kxb8 {[%emt 0:00:05]} Rxh5 {[%emt 0:00:09]} 53. Ka7 {[%emt 0:00:03]} Rh1 {[%emt 0:00:03]} 54. Kb8 {[%emt 0:00:01]} Rg1 {[%emt 0:00:02]} 55. Ka7 {[%emt 0:00:01]} h6 {[%emt 0:00:02]} 56. Kb8 {[%emt 0:00:02]} h5 {[%emt 0:00:02]} 57. Ka7 {[%emt 0:00:01]} h4 {[%emt 0:00:02]} 58. Kb8 {[%emt 0:00:01]} h3 {[%emt 0:00:02]} 59. Ka7 {[%emt 0:00:02]} h2 {[%emt 0:00:01]} 60. Kb8 {[%emt 0:00:01]} h1=Q {[%emt 0:00:03]} 61. Ka7 {[%emt 0:00:01]} Bxb3 {[%emt 0:00:05]} 62. Kb8 {[%emt 0:00:02]} Bc2 {[%emt 0:00:02]} 63. Ka7 {[%emt 0:00:01]} b3 {[%emt 0:00:03]} 64. Kb8 {[%emt 0:00:02]} b2 {[%emt 0:00:02]} 65. Ka7 {[%emt 0:00:01]} Qe7+ {[%emt 0:00:18]} 66. Kb8 {[%emt 0:00:03]} Qgb4+ {[%emt 0:00:04]} 67. Kc8 {[%emt 0:00:04]} Bf5# {[%emt 0:00:02]} 0-1

[Event "African Online-ch U20-Open 2021"]
[Site "Online"]
[Date "2021.02.01"]
[Round "5.17"]
[White "Dutt Dakshesh"]
[Black "Masaiti, Gideon"]
[Result "0-1"]
[WhiteElo "1549"]
[BlackElo "1442"]
[Annotator "NA RC"]
[PlyCount "164"]
[EventDate "2021.02.01"]
[EventType "swiss"]
[EventCountry "NET"]
[SourceTitle "playchess.com"]
[Source "ChessBase"]
[SourceQuality "1"]
[TimeControl "1500+10"]

1. d4 {[%emt 0:00:00]} e6 {[%emt 0:00:04]} 2. Bf4 {[%emt 0:00:06]} d5 {[%emt 0:00:04]} 3. e3 {[%emt 0:00:03]} Nf6 {[%emt 0:00:03]} 4. Nf3 {[%emt 0:00:03]} Bd6 {[%emt 0:00:02]} 5. Bg3 {[%emt 0:00:03]} O-O {[%emt 0:00:05]} 6. c3 {[%emt 0:00:04]} Nbd7 {[%emt 0:00:03]} 7. Bd3 {[%emt 0:00:03]} a6 {[%emt 0:00:05]} 8. Nbd2 {[%emt 0:00:04]} Qe7 {[%emt 0:00:07]} 9. O-O {[%emt 0:00:12]} Bxg3 {[%emt 0:00:05]} 10. hxg3 {[%emt 0:00:03]} h6 {[%emt 0:00:03]} 11. Qe2 {[%emt 0:00:07]} c5 {[%emt 0:00:04]} 12. e4 {[%emt 0:00:03]} c4 {[%emt 0:00:29]} 13. Bc2 {[%emt 0:00:57]} Re8 {[%emt 0:00:35]} 14. Rfe1 {[%emt 0:00:19]} b5 {[%emt 0:00:15]} 15. exd5 {[%emt 0:01:35]} Nxd5 {[%emt 0:00:23]} 16. Be4 {[%emt 0:00:24]} Bb7 {[%emt 0:00:04]} 17. Bc2 {[%emt 0:00:51]} N7f6 {[%emt 0:00:08]} 18. Ne5 {[%emt 0:00:05]} Qd6 {[%emt 0:00:31]} 19. Ndf3 {[%emt 0:00:29]} b4 {[%emt 0:02:07]} 20. Nxc4 {[%emt 0:01:56]} Qe7 {[%emt 0:00:16]} 21. Ba4 {[%emt 0:00:37]} Rec8 {[%emt 0:00:36]} 22. Rac1 {[%emt 0:00:54]} a5 {[%emt 0:00:45]} 23. Nce5 {[%emt 0:00:35]} bxc3 {[%emt 0:01:12]} 24. Bb3 {[%emt 0:01:34]} Ba6 {[%emt 0:00:37]} 25. Qc2 {[%emt 0:01:51]} Nb4 {[%emt 0:01:59]} 26. Qb1 {[%emt 0:01:07]} cxb2 {[%emt 0:02:34]} 27. Qxb2 {[%emt 0:00:33]} Rxc1 {[%emt 0:02:43]} 28. Rxc1 {[%emt 0:00:22]} Rc8 {[%emt 0:00:44]} 29. Rxc8+ {[%emt 0:00:35]} Bxc8 {[%emt 0:00:05]} 30. Qc1 {[%emt 0:00:34]} Bb7 {[%emt 0:00:26]} 31. Kh2 {[%emt 0:01:27]} Bd5 {[%emt 0:01:54]} 32. Bxd5 {[%emt 0:00:32]} Nbxd5 {[%emt 0:00:21]} 33. Qc8+ {[%emt 0:00:27]} Kh7 {[%emt 0:00:08]} 34. Qc2+ {[%emt 0:00:14]} g6 {[%emt 0:00:24]} 35. Qc5 {[%emt 0:00:12]} Qxc5 {[%emt 0:01:08]} 36. dxc5 {[%emt 0:00:02]} Kg7 {[%emt 0:00:11]} 37. Kg1 {[%emt 0:00:18]} Kf8 {[%emt 0:00:03]} 38. Kf1 {[%emt 0:00:02]} Ke7 {[%emt 0:00:03]} 39. Ke2 {[%emt 0:00:02]} Nc3+ {[%emt 0:00:06]} 40. Kd3 {[%emt 0:00:06]} Nxa2 {[%emt 0:00:02]} 41. Kc4 {[%emt 0:00:03]} Nd7 {[%emt 0:00:23]} 42. c6 {[%emt 0:00:05]} Nxe5+ {[%emt 0:00:17]} 43. Nxe5 {[%emt 0:00:03]} Kd6 {[%emt 0:00:07]} 44. Kb5 {[%emt 0:00:17]} Nc3+ {[%emt 0:00:09]} 45. Kxa5 {[%emt 0:00:06]} f6 {[%emt 0:00:05]} 46. Kb6 {[%emt 0:00:11]} Nd5+ {[%emt 0:00:06]} 47. Kb7 {[%emt 0:00:03]} Kxe5 {[%emt 0:00:06]} 48. c7 {[%emt 0:00:04]} Nxc7 {[%emt 0:00:05]} 49. Kxc7 {[%emt 0:00:02]} Ke4 {[%emt 0:00:02]} 50. Kd6 {[%emt 0:00:02]} Kf5 {[%emt 0:00:07]} 51. f3 {[%emt 0:00:06]} h5 {[%emt 0:00:05]} 52. Kc5 {[%emt 0:00:02]} Ke5 {[%emt 0:00:05]} 53. Kc4 {[%emt 0:00:02]} g5 {[%emt 0:00:04]} 54. Kd3 {[%emt 0:00:02]} Kd5 {[%emt 0:00:02]} 55. Ke3 {[%emt 0:00:02]} f5 {[%emt 0:00:02]} 56. Kf2 {[%emt 0:00:17]} Kd4 {[%emt 0:00:04]} 57. Ke2 {[%emt 0:00:02]} e5 {[%emt 0:00:02]} 58. f4 {[%emt 0:00:13]} exf4 {[%emt 0:00:05]} 59. gxf4 {[%emt 0:00:05]} g4 {[%emt 0:00:11]} 60. Kf2 {[%emt 0:00:12]} h4 {[%emt 0:00:05]} 61. g3 {[%emt 0:00:04]} hxg3+ {[%emt 0:00:07]} 62. Kxg3 {[%emt 0:00:02]} Ke3 {[%emt 0:00:02]} 63. Kg2 {[%emt 0:00:05]} Kxf4 {[%emt 0:00:03]} 64. Kf2 {[%emt 0:00:01]} Ke4 {[%emt 0:00:02]} 65. Kg3 {[%emt 0:00:02]} Ke3 {[%emt 0:00:16]} 66. Kg2 {[%emt 0:02:30]} f4 {[%emt 0:01:44]} 67. Kg1 {[%emt 0:00:02]} Ke2 {[%emt 0:00:04]} 68. Kg2 {[%emt 0:00:02]} f3+ {[%emt 0:00:02]} 69. Kg1 {[%emt 0:00:02]} g3 {[%emt 0:00:04]} 70. Kh1 {[%emt 0:00:03]} g2+ {[%emt 0:00:03]} 71. Kg1 {[%emt 0:00:02]} Ke1 {[%emt 0:00:02]} 72. Kh2 {[%emt 0:00:04]} Kf1 {[%emt 0:00:04]} 73. Kg3 {[%emt 0:00:02]} f2 {[%emt 0:00:02]} 74. Kf3 {[%emt 0:00:01]} g1=N+ {[%emt 0:00:05]} 75. Kg3 {[%emt 0:00:04]} Ke1 {[%emt 0:00:03]} 76. Kg2 {[%emt 0:00:01]} f1=Q+ {[%emt 0:00:04]} 77. Kg3 {[%emt 0:00:03]} Qf3+ {[%emt 0:00:02]} 78. Kh4 {[%emt 0:00:05]} Qg2 {[%emt 0:00:12]} 79. Kh5 {[%emt 0:00:03]} Nf3 {[%emt 0:00:04]} 80. Kh6 {[%emt 0:00:01]} Ne5 {[%emt 0:00:02]} 81. Kh7 {[%emt 0:00:26]} Qg6+ {[%emt 0:00:06]} 82. Kh8 {[%emt 0:00:02]} Nf7# {[%emt 0:00:03]} 0-1

[Event "African Online-ch U20-Open 2021"]
[Site "Online"]
[Date "2021.02.01"]
[Round "5.19"]
[White "Tong, William M"]
[Black "Karania, Hardiv"]
[Result "1-0"]
[WhiteElo "1985"]
[BlackElo "1317"]
[Annotator "TA"]
[PlyCount "151"]
[EventDate "2021.02.01"]
[EventType "swiss"]
[EventCountry "NET"]
[SourceTitle "playchess.com"]
[Source "ChessBase"]
[SourceQuality "1"]

{[%evp 10,150,125,122,153,137,117,119,135,93,184,177,192,170,178,130,122,118,116,132,129,100,108,92,103,73,75,33,92,4,36,0,21,-87,-79,-450,0,-180,0,0,0,-205,-62,-564,-570,-491,154,167,171,158,198,159,218,166,221,221,228,223,218,197,203,195,197,128,114,118,191,164,191,167,172,132,512,200,184,170,178,170,164,170,370,163,163,163,163,163,441,408,661,520,877,808,1510,1464,29982,29983,29983,29984,29984,29983,29985,29974,29986,29987,29989,29978,29978,29979,29979,29980,29982,29983,29983,29984,29984,29985,29985,29986,29986,29987,29987,29987,29987,29988,29989,29989,29989,29990,29990,29991,29991,29992,29993,29994,29996,29995,29997,29995,29999,29998,29998,29999,29999]} 1. e4 e5 2. Nf3 Nc6 3. Bb5 d6 4. d4 a6 5. Bxc6+ bxc6 6. dxe5 d5 {C68: Ruy Lopez: Exchange Variation, sidelines.} 7. exd5 cxd5 8. Nc3 c6 {White is better.} 9. O-O Bg4 (9... Ne7 $16) 10. h3 $18 Bh5 11. Re1 {[#]} Bc5 $146 ({Predecessor:} 11... Bxf3 12. Qxf3 Qd7 13. Na4 Rb8 14. Bf4 Rb5 15. c4 dxc4 16. e6 fxe6 17. Rad1 Qc8 18. Bd6 Rf5 19. Qxf5 Nh6 20. Rxe6+ {1-0 (20) Ortega,I-Gonzalez Bres,P Santomera 1993}) 12. e6 Ne7 13. exf7+ Bxf7 14. Na4 Bd6 15. Ne5 O-O 16. Nxf7 Rxf7 17. Be3 Nf5 18. Bc5 (18. Bb6 {looks sharper.} Qf6 19. c4 Nh4 20. Qd4 Qg5 21. Qg4) 18... Qf6 (18... Qf8 $14 19. b4 Rf6) 19. Bxd6 (19. c3 $1 $16) 19... Nxd6 20. Rf1 Ne4 {[%cal Re4f2]} 21. Qe2 (21. f3 $11 Ng3 22. Re1) 21... Raf8 {Threatens to win with ...Qd4.} 22. Qxa6 $2 {[%mdl 8192]} (22. Qe3 $17 {is tougher.}) 22... Qg6 $2 (22... Nxf2 $19 23. Rxf2 Qxf2+ {[%mdl 64] Double Attack} 24. Kh1 Qxc2) 23. f3 $2 (23. f4 $1 $11) 23... Ng3 24. Rf2 Ne4 {[%mdl 64] Pin} 25. Rff1 Ng5 {[%cal Rg5h3]} 26. Qd3 $2 {[%mdl 8192]} (26. Kh1 $1 $15) 26... Nxh3+ $1 $19 27. Kh2 {[#] Qxg6 is the strong threat.} Nf4 (27... Qh5 $1 $19 28. gxh3 Rxf3 29. Qxf3 Rxf3 30. Rxf3 Qxf3) 28. Qxg6 $16 Nxg6 29. Nc5 Re8 30. Rae1 Rfe7 (30... Rb8 $16) 31. Nd3 h6 (31... Ne5 $142 32. Rxe5 Rxe5) 32. Rxe7 $18 Rxe7 {[%mdl 4096] Endgame KRN-KRN} 33. Re1 Ra7 34. a3 Kf7 35. Kg3 Ra5 36. Ne5+ ({White should try} 36. c3 $18) 36... Nxe5 $16 37. Rxe5 {KR-KR} Rb5 {[#]} (37... Kf6 $16 38. Re8 d4) 38. b3 $1 $18 Rc5 39. Re2 Rc3 40. Kf4 {Strongly threatening Ke5.} g5+ $2 {[%mdl 8192]} (40... d4 $16 {is more resistant.}) 41. Kf5 $2 (41. Ke5 Rc5 42. a4) 41... d4 42. a4 Re3 43. Rd2 c5 44. b4 Rc3 $2 (44... cxb4 {was worth a try.} 45. Rxd4 Rc3) 45. bxc5 (45. b5 $142 {Black must now prevent b6.} Ke7 46. Ke5) 45... Rxc5+ 46. Ke4 Rc4 47. Rxd4 Rc6 (47... Rxc2 48. g4 Ke6) 48. c4 Re6+ (48... Rc5 $142 49. Rd7+ Ke8) 49. Kd3 Ra6 (49... Re5 $142 50. Kc3 Re3+ 51. Rd3 Re2) 50. c5 Rc6 51. Kc4 Ke6 52. Rd6+ {White mates.} Rxd6 53. cxd6 Kxd6 {K3P-KPP} 54. Kb5 Kc7 55. a5 Kb7 56. g4 Ka7 57. Kc5 Ka6 58. Kd5 Kxa5 {KPP-KPP} 59. Ke5 Kb5 60. Kf5 Kc5 61. Kg6 Kd5 62. Kxh6 Ke5 63. Kxg5 {KP-KP} Ke6 64. f4 Kf7 65. Kh6 Kf6 66. g5+ Kf7 67. Kh7 Ke6 68. g6 Kf5 69. g7 Kxf4 70. g8=Q Kf5 71. Qe8 Kf6 72. Qb5 Kf7 73. Kh6 Kg8 74. Qd7 {[%csl Gh6][%cal Rd7g7]} Kf8 75. Kg6 {[%csl Gg6][%cal Rd7f7]} Kg8 76. Qg7# {Weighted Error Value: White=0.50/Black=0.78} 1-0

[Event "African Online-ch U20-Open 2021"]
[Site "Online"]
[Date "2021.02.01"]
[Round "5.21"]
[White "Belattar, Mohamed Walid"]
[Black "Meise, Keagen"]
[Result "0-1"]
[WhiteElo "1214"]
[BlackElo "1200"]
[Annotator "NA RC"]
[PlyCount "150"]
[EventDate "2021.02.01"]
[EventType "swiss"]
[EventCountry "NET"]
[SourceTitle "playchess.com"]
[Source "ChessBase"]
[SourceQuality "1"]
[TimeControl "1500+10"]

1. d4 {[%emt 0:00:00]} Nf6 {[%emt 0:00:04]} 2. Nf3 {[%emt 0:00:03]} d5 {[%emt 0:00:03]} 3. g3 {[%emt 0:00:04]} e6 {[%emt 0:00:03]} 4. Bg2 {[%emt 0:00:10]} c5 {[%emt 0:00:02]} 5. O-O {[%emt 0:00:04]} Nc6 {[%emt 0:00:04]} 6. c4 {[%emt 0:00:06]} dxc4 {[%emt 0:00:15]} 7. Qa4 {[%emt 0:05:51]} Bd7 {[%emt 0:01:27]} 8. Qxc4 {[%emt 0:00:33]} cxd4 {[%emt 0:00:19]} 9. Nxd4 {[%emt 0:00:17]} Rc8 {[%emt 0:01:12]} 10. Nxc6 {[%emt 0:02:30]} Bxc6 {[%emt 0:00:04]} 11. Qd3 {[%emt 0:00:09]} Qxd3 {[%emt 0:01:51]} 12. exd3 {[%emt 0:00:07]} Bxg2 {[%emt 0:00:29]} 13. Kxg2 {[%emt 0:00:04]} Nd5 {[%emt 0:00:02]} 14. Rd1 {[%emt 0:05:15]} Nb4 {[%emt 0:01:23]} 15. Nc3 {[%emt 0:01:40]} Rd8 {[%emt 0:00:54]} 16. d4 {[%emt 0:00:40]} Nc2 {[%emt 0:00:12]} 17. Rb1 {[%emt 0:00:17]} Nxd4 {[%emt 0:00:21]} 18. Be3 {[%emt 0:00:28]} Nc6 {[%emt 0:00:20]} 19. Rxd8+ {[%emt 0:00:12]} Kxd8 {[%emt 0:00:01]} 20. Rd1+ {[%emt 0:00:05]} Kc8 {[%emt 0:00:21]} 21. Nb5 {[%emt 0:00:13]} a6 {[%emt 0:00:03]} 22. Na7+ {[%emt 0:00:21]} Nxa7 {[%emt 0:00:06]} 23. Bxa7 {[%emt 0:00:04]} Be7 {[%emt 0:00:06]} 24. Bd4 {[%emt 0:00:05]} f6 {[%emt 0:00:05]} 25. Rc1+ {[%emt 0:00:20]} Kb8 {[%emt 0:00:09]} 26. Re1 {[%emt 0:00:06]} e5 {[%emt 0:00:04]} 27. Bc3 {[%emt 0:00:07]} Rd8 {[%emt 0:00:03]} 28. Ba5 {[%emt 0:01:10]} Rd5 {[%emt 0:00:22]} 29. Bc3 {[%emt 0:00:11]} Bc5 {[%emt 0:00:14]} 30. Re2 {[%emt 0:01:09]} Kc7 {[%emt 0:00:20]} 31. Rc2 {[%emt 0:01:04]} Kd6 {[%emt 0:00:16]} 32. Rd2 {[%emt 0:02:20]} Rxd2 {[%emt 0:00:03]} 33. Bxd2 {[%emt 0:00:04]} Kd5 {[%emt 0:00:14]} 34. Kf1 {[%emt 0:00:16]} Bd4 {[%emt 0:00:04]} 35. b3 {[%emt 0:00:10]} Ke4 {[%emt 0:00:31]} 36. Ke2 {[%emt 0:00:11]} b6 {[%emt 0:00:10]} 37. f3+ {[%emt 0:00:16]} Kd5 {[%emt 0:00:03]} 38. Kd3 {[%emt 0:00:16]} f5 {[%emt 0:00:16]} 39. f4 {[%emt 0:00:50]} e4+ {[%emt 0:00:45]} 40. Ke2 {[%emt 0:00:09]} g6 {[%emt 0:00:14]} 41. h4 {[%emt 0:00:52]} h5 {[%emt 0:00:36]} 42. Bc1 {[%emt 0:00:33]} a5 {[%emt 0:00:50]} 43. Bd2 {[%emt 0:00:15]} Kc5 {[%emt 0:00:28]} 44. a3 {[%emt 0:00:14]} Kd5 {[%emt 0:01:17]} 45. Bc1 {[%emt 0:00:19]} b5 {[%emt 0:00:34]} 46. Bd2 {[%emt 0:00:14]} a4 {[%emt 0:00:03]} 47. bxa4 {[%emt 0:00:42]} bxa4 {[%emt 0:00:03]} 48. Bb4 {[%emt 0:01:03]} Kc4 {[%emt 0:00:05]} 49. Be7 {[%emt 0:00:44]} Kb3 {[%emt 0:00:04]} 50. Bb4 {[%emt 0:00:07]} Bb2 {[%emt 0:00:07]} 51. Be7 {[%emt 0:00:11]} Bxa3 {[%emt 0:00:03]} 52. Bf6 {[%emt 0:00:03]} Bb2 {[%emt 0:00:02]} 53. Be7 {[%emt 0:00:02]} a3 {[%emt 0:00:04]} 54. Bxa3 {[%emt 0:00:03]} Kxa3 {[%emt 0:00:02]} 55. Ke3 {[%emt 0:00:02]} Kb3 {[%emt 0:00:02]} 56. Ke2 {[%emt 0:00:04]} Kc4 {[%emt 0:00:04]} 57. Ke3 {[%emt 0:00:03]} Bd4+ {[%emt 0:00:01]} 58. Ke2 {[%emt 0:00:03]} Kc3 {[%emt 0:00:02]} 59. Ke1 {[%emt 0:00:04]} Kd3 {[%emt 0:00:04]} 60. Kf1 {[%emt 0:00:08]} e3 {[%emt 0:00:03]} 61. Ke1 {[%emt 0:00:02]} e2 {[%emt 0:00:02]} 62. g4 {[%emt 0:00:09]} Bc3+ {[%emt 0:00:03]} 63. Kf2 {[%emt 0:00:04]} e1=Q+ {[%emt 0:00:05]} 64. Kf3 {[%emt 0:00:02]} Qe2+ {[%emt 0:00:05]} 65. Kg3 {[%emt 0:00:05]} Qxg4+ {[%emt 0:00:02]} 66. Kf2 {[%emt 0:00:03]} Qxf4+ {[%emt 0:00:05]} 67. Kg2 {[%emt 0:00:02]} Bd4 {[%emt 0:00:10]} 68. Kh1 {[%emt 0:00:27]} Qxh4+ {[%emt 0:00:06]} 69. Kg2 {[%emt 0:00:04]} Qf2+ {[%emt 0:00:02]} 70. Kh3 {[%emt 0:00:06]} Qf3+ {[%emt 0:00:03]} 71. Kh2 {[%emt 0:00:04]} Bg1+ {[%emt 0:00:06]} 72. Kxg1 {[%emt 0:00:04]} Qe2 {[%emt 0:00:01]} 73. Kh1 {[%emt 0:00:03]} Ke3 {[%emt 0:00:02]} 74. Kg1 {[%emt 0:00:03]} Kf3 {[%emt 0:00:02]} 75. Kh1 {[%emt 0:00:05]} Qg2# {[%emt 0:00:02]} 0-1

[Event "African Online-ch U20-Open 2021"]
[Site "Online"]
[Date "2021.02.01"]
[Round "6.1"]
[White "Mhango, Banele"]
[Black "Filipe, Marcio"]
[Result "1/2-1/2"]
[WhiteElo "2117"]
[BlackElo "1990"]
[Annotator "TA"]
[PlyCount "70"]
[EventDate "2021.02.01"]
[EventType "swiss"]
[EventCountry "NET"]
[SourceTitle "playchess.com"]
[Source "ChessBase"]
[SourceQuality "1"]

{[%evp 18,70,5,7,8,0,14,0,17,0,0,0,0,-31,0,0,0,0,38,35,25,9,9,9,25,-20,0,0,0,0,0,0,0,0,0,0,0,0,0,0,0,0,0,0,0,0,0,0,0,0,0,0,0,0,0]} 1. d4 Nf6 2. c4 e6 3. Nf3 d5 4. g3 Be7 5. Bg2 O-O 6. O-O c6 7. Qc2 Nbd7 8. Nbd2 b6 9. e4 dxc4 {seems to push 9...Bb7 aside.} 10. Nxc4 Bb7 {E09: Closed Catalan: Main Line: 7 Qc2 c6 8 Nbd2.} 11. e5 Nd5 12. h4 c5 13. Ng5 {[%csl Gg5][%cal Rc2h7] [#]} g6 $146 ({Predecessor:} 13... Bxg5 14. Bxg5 Qc7 15. Qe4 cxd4 16. Rac1 Ba6 17. Rfe1 Bxc4 18. Qxd4 b5 19. b3 Rac8 20. bxc4 bxc4 21. Bxd5 exd5 22. Qxd5 {1-0 (40) Zarkovic,J-Pavicic,Z (2450) Zagreb 1977}) 14. dxc5 Nxc5 15. a3 (15. Bd2 {seems wilder.} Qc7 16. Rfe1 a5 17. a3 Rfc8 18. Qd1) 15... a5 16. Ne4 Nxe4 17. Qxe4 Rc8 18. Bh6 Re8 19. Rfd1 b5 20. Ne3 Qb6 21. Qg4 {[%cal Rg2d5]} Nxe3 {The position is equal.} 22. Bxe3 Qa6 23. Rac1 Bxg2 24. Kxg2 b4 25. a4 Rxc1 26. Rxc1 Rc8 27. Rxc8+ Qxc8 28. Qe4 b3 29. Bd2 Qa6 30. Bc3 Kf8 31. Kf3 Ke8 32. Qe2 Qc6+ 33. Qe4 Qa6 34. Qe2 Qc6+ 35. Qe4 Qa6 {Weighted Error Value: White=0.06/Black=0.05} 1/2-1/2

[Event "African Online-ch U20-Open 2021"]
[Site "Online"]
[Date "2021.02.01"]
[Round "6.2"]
[White "Elier, Ali"]
[Black "Brahami, Lamine"]
[Result "0-1"]
[WhiteElo "2037"]
[BlackElo "2194"]
[Annotator "TA"]
[PlyCount "110"]
[EventDate "2021.02.01"]
[EventType "swiss"]
[EventCountry "NET"]
[SourceTitle "playchess.com"]
[Source "ChessBase"]
[SourceQuality "1"]

{[%evp 18,110,12,13,18,10,11,9,34,24,64,55,66,61,66,59,62,61,86,69,89,93,292,168,178,75,95,96,102,85,84,64,60,50,56,13,51,47,496,83,94,71,64,11,20,21,20,14,99,-81,49,53,65,64,68,-34,-52,-172,-154,-497,-502,-934,-933,-861,-195,-170,-97,-189,-180,-173,-172,-335,-206,-257,-278,-387,-366,-339,-236,-231,-233,-252,-237,-245,-235,-589,-569,-871,-846,-29987,-29988,-29990,-29991,-29994,-29995]} 1. e4 c5 2. d4 cxd4 3. c3 d6 4. Nf3 Nf6 5. e5 dxe5 6. Nxe5 e6 7. cxd4 Be7 8. Nc3 a6 9. Bd3 O-O 10. O-O Nc6 {D27: Queen's Gambit Accepted: Classical main line: 7 e4!? and 7 a4.} 11. Nxc6 bxc6 12. Be3 {[#]} Rb8 $146 {The position is equal.} ({Predecessor:} 12... Bb7 13. Qc2 h6 14. Be2 Nd5 15. Na4 a5 16. Bf3 Ba6 17. Rfd1 Bb5 18. Nc5 a4 {0-1 (50) Gershon,A (2553)-Van den Doel,E (2607) Amsterdam 2001}) 13. b3 Qa5 14. Rc1 Bb7 15. Na4 Rfd8 16. Qe2 Nd5 17. Nc5 Nb4 18. Bb1 Qb5 19. Qf3 (19. Qh5 {keeps more tension.} g6 20. Qf3 Nd5 21. Bh6 Qb6 22. Be4) 19... a5 $2 {[#]} (19... Nd5 $16 {was called for.}) 20. Qh3 $40 {[%mdl 128] White is out for blood.} (20. Bxh7+ $142 $1 {[%mdl 512]} Kxh7 21. a4) 20... g6 $18 21. Rfe1 (21. Bf4 $18 {Black must now prevent Bxg6!} Bc8 22. Bxb8 Qxb8 23. Rfd1) 21... Bc8 22. Qf3 Nd5 23. Bd2 Bf6 24. Bd3 Qb6 25. Re4 Bg7 26. Rh4 {Strongly threatening Rxh7.} Ne7 (26... Bf6 {seems wilder.} 27. Qg3 Bxh4 28. Qxh4 Rf8 29. Bh6 Re8) 27. Bg5 Re8 {[%mdl 8192] [#]} (27... Nf5 $14) 28. Bh6 $2 (28. Rxh7 $1 $18 {[%mdl 512] and the rest is easy.} Kxh7 29. Qxf7 {[%mdl 64] Double Attack}) 28... Nf5 29. Bxf5 exf5 30. Qf4 (30. Bxg7 $14 Kxg7 31. Qf4) 30... Bf6 $11 31. Bg5 Bg7 {White should prevent ...f6.} 32. Rh3 Qb4 (32... Be6 $11) 33. g3 $2 (33. Re3 $1 $16 {[%cal Re3e8] and life is bright.} Rxe3 34. Qxe3 Bxd4 35. Qe8+ {[%mdl 64] Double Attack} Kg7 36. g3 $1 (36. Qxc6 h6 $11)) 33... Be6 (33... Bxd4 $2 34. a3 $1 $18) (33... Re1+ $17 34. Rxe1 Qxe1+ 35. Kg2 Rb4) 34. Na6 $14 {[%mdl 64] Double Attack, Discovered Attack} Qb5 35. Nxb8 Rxb8 36. Be7 (36. Bh6 $14 Bf6 37. Bg5) 36... Re8 $15 {[%mdl 1024] Black has compensation.} 37. Bd6 ({Better is} 37. Bg5 $15) 37... Bd5 $1 $19 {aiming for ...Qe2.} 38. Be5 $2 (38. Qd2 $17) 38... f6 39. Bd6 (39. Qd2 $142 fxe5 40. Re1) 39... Qe2 40. Rf1 Qxa2 $2 (40... Re4 41. Bc7 Rxf4 42. gxf4 Qe4) 41. g4 fxg4 ({Black should play} 41... Re4 $19 42. Qc1 Rxg4+ 43. Rg3 Rxd4) 42. Rg3 {[#]} (42. Re3 $17 Rxe3 43. Qxe3) 42... Re4 $1 {[%cal Re4f4]} (42... Bxb3 43. Qxg4 Bf7 44. Bc5 $15) 43. Qc1 h5 (43... Rxd4 44. Re3 $15) 44. h4 $2 (44. Rd3 {might work better.}) 44... Re6 (44... Rxd4 45. Re3 $17) 45. Bc5 f5 ({Much less strong is} 45... Bxb3 46. Qf4 $19) 46. Re3 Bh6 47. Re2 Bxc1 48. Rxa2 Bf4 ({Worse is} 48... Bxb3 49. Rxa5 Bd2 50. Ra8+ Kg7 51. Ra7+ Kg8 52. Rb1 $11) 49. Rxa5 {[#]} g5 $1 ({Wrong is} 49... Bxb3 $2 50. Rb1 $18) 50. Ra8+ Kg7 51. Ra7+ $2 (51. Rf8 {is tougher.}) 51... Kg6 52. hxg5 h4 {( -> ...h3)} 53. Ra8 h3 {[%csl Gf4][%cal Rh3h2] Black mates.} 54. Rg8+ Kh7 {[%csl Gf4][%cal Rh3h2]} 55. g6+ Kxg8 {[%csl Gf4][%cal Rh3h2] Black used his chance.  Weighted Error Value: White=0.92/Black=0.47} 0-1